[Event "20th EUR-ch"]
[Site "Skopje MKD"]
[Date "2019.03.28"]
[Round "10"]
[White "Martinovic, Sasa"]
[Black "Dreev, Alexei"]
[Result "0-1"]
[WhiteElo "2558"]
[BlackElo "2662"]
[EventDate "2019.03.18"]
[Board "31"]
[PlyCount "160"]

1.d4 d5 2.c4 c6 3.Nc3 Nf6 4.e3 a6 5.Qc2 Bg4 6.f3 Bc8 7.Bd2 g6 8.c5 Bg7 9.
Bd3 e5 10.Nge2 O-O 11.O-O Nbd7 12.b4 Ne8 13.Be1 f5 14.Qb3 Kh8 15.Rd1 e4 
16.Bb1 exf3 17.Rxf3 Ndf6 18.Bh4 Nc7 19.Nf4 Qe8 20.Rdf1 Ne4 21.Bxe4 dxe4 
22.Rh3 Be6 23.Qd1 a5 24.b5 cxb5 25.Be7 Bc4 26.Bxf8 Bxf8 27.Rf2 Ne6 28.Ncd5
Bxd5 29.Nxd5 Bg7 30.Nf4 Ng5 31.Rg3 Ne6 32.Rh3 Ng5 33.Rg3 Ne6 34.Qb3 Nxf4 
35.Rxf4 a4 36.Qb4 b6 37.cxb6 Bf8 38.Qb2 Bd6 39.Rf1 b4 40.d5+ Qe5 41.b7 Rb8
42.Qc2 a3 43.Qc8+ Kg7 44.Rxf5 Qe8 45.Qxe8 Rxe8 46.Rf1 Bxg3 47.hxg3 Rb8 48.
d6 Rxb7 49.Rd1 Rd7 50.Rd4 Kf6 51.Kf2 Ke5 52.Ke2 Rxd6 53.Rxb4 Kf5 54.Ra4 
Kg4 55.Rxa3 Kxg3 56.Ra4 Re6 57.Kf1 Rf6+ 58.Ke1 Kxg2 59.Rxe4 h5 60.a4 g5 
61.a5 g4 62.Ra4 g3 63.a6 Kh3 64.a7 g2 65.a8=Q g1=Q+ 66.Kd2 Rf2+ 67.Kd3 
Qd1+ 68.Ke4 Qf3+ 69.Kd3 Qd1+ 70.Ke4 Qc2+ 71.Ke5 Qf5+ 72.Kd6 Qf6+ 73.Kd5 
Qf5+ 74.Kd6 Qg6+ 75.Ke5 Qg5+ 76.Kd4 Rd2+ 77.Kc4 Qf5 78.e4 Rc2+ 79.Kd4 Qc5+
80.Kd3 Qc3# 0-1

[Event "20th EUR-ch"]
[Site "Skopje MKD"]
[Date "2019.03.28"]
[Round "10"]
[White "Kovalenko, Igor"]
[Black "Tsydypov, Zhamsaran"]
[Result "1-0"]
[WhiteElo "2658"]
[BlackElo "2551"]
[EventDate "2019.03.18"]
[Board "32"]
[PlyCount "57"]

1.d4 Nf6 2.Nf3 g6 3.Bf4 Bg7 4.e3 d6 5.h3 O-O 6.Nbd2 Nc6 7.c3 Qe8 8.Bh2 e5 
9.Bb5 e4 10.Ng1 Bd7 11.Ne2 a6 12.Bxc6 Bxc6 13.c4 b5 14.O-O bxc4 15.Nxc4 a5
16.Qd2 Bb5 17.Rfc1 Qb8 18.b3 a4 19.b4 a3 20.Rab1 Qb7 21.Rb3 Bxc4 22.Rxc4 
Rfc8 23.Qc2 Bf8 24.b5 Nd7 25.Nc3 f5 26.g4 Nf6 27.Rc6 Re8 28.g5 Nd7 29.Nd5 
1-0

[Event "20th EUR-ch"]
[Site "Skopje MKD"]
[Date "2019.03.28"]
[Round "10"]
[White "Halkias, Stelios"]
[Black "Fressinet, Laurent"]
[Result "1-0"]
[WhiteElo "2552"]
[BlackElo "2652"]
[EventDate "2019.03.18"]
[Board "33"]
[PlyCount "75"]

1.Nf3 e6 2.g3 b6 3.Bg2 Bb7 4.O-O g6 5.c4 Bg7 6.Nc3 Nf6 7.Re1 d5 8.cxd5 
Nxd5 9.e4 Nxc3 10.bxc3 c5 11.d4 Nc6 12.Bg5 Ne7 13.Qa4+ Bc6 14.Qb3 h6 15.
Bf4 O-O 16.Rad1 g5 17.Be5 Ng6 18.Bxg7 Kxg7 19.Ne5 Nxe5 20.dxe5 Qc7 21.Rd6 
Rad8 22.Red1 Rxd6 23.Rxd6 b5 24.Qd1 b4 25.c4 Be8 26.h4 Qe7 27.Qg4 f5 28.
exf6+ Rxf6 29.e5 Rf5 30.hxg5 hxg5 31.f4 Kf8 32.Be4 Rf7 33.Qh3 Kg8 34.Rxe6 
Qd7 35.Bd5 gxf4 36.Rg6+ Kf8 37.Qh6+ Ke7 38.Qg5+ 1-0

[Event "20th EUR-ch"]
[Site "Skopje MKD"]
[Date "2019.03.28"]
[Round "10"]
[White "Beliavsky, Alexander"]
[Black "Moiseenko, Olexandr"]
[Result "0-1"]
[WhiteElo "2526"]
[BlackElo "2648"]
[EventDate "2019.03.18"]
[Board "34"]
[PlyCount "164"]

1.d4 Nf6 2.c4 e6 3.Nf3 d5 4.g3 Bb4+ 5.Bd2 Bd6 6.Bg2 c6 7.Qc2 Nbd7 8.O-O 
O-O 9.Rc1 Ne4 10.Bf4 Bxf4 11.gxf4 f5 12.Nbd2 h6 13.cxd5 exd5 14.b4 a6 15.
a4 Nd6 16.Ne5 Kh7 17.Ra3 Qe7 18.Rb3 Nf6 19.Rg3 Rg8 20.e3 Be6 21.Rb1 Nfe4 
22.Nxe4 fxe4 23.b5 cxb5 24.axb5 axb5 25.Qe2 g5 26.Qh5 Qf6 27.fxg5 Rxg5 28.
Rxg5 Qxg5 29.Qxg5 hxg5 30.f3 exf3 31.Bxf3 Ra2 32.Bg2 Kg7 33.Bf3 Kf6 34.Rf1
Ke7 35.Nd3 Ne4 36.Rc1 Nd2 37.Bg2 Kd6 38.Rc5 Ra1+ 39.Kf2 Rb1 40.Rc2 Nc4 41.
e4 dxe4 42.Bxe4 b6 43.Ne1 Rb3 44.Nd3 Bd5 45.Bg6 Ra3 46.Re2 Be6 47.Be4 Ra4 
48.Bh7 Ra8 49.Bg6 Rh8 50.Kg1 Rh4 51.Rg2 Rg4 52.Rxg4 Bxg4 53.Nb4 Na5 54.Kf2
Nc6 55.Nxc6 Kxc6 56.Be4+ Kd6 57.Ke3 Be6 58.Kd3 b4 59.Bf3 Bd5 60.Bh5 Kd7 
61.Bg4+ Kc6 62.Bh5 Kb5 63.Be8+ Bc6 64.Bf7 Ka4 65.d5 Bb5+ 66.Kd4 b3 67.Bg6 
Ka3 68.Ke5 b2 69.Bb1 Kb4 70.Kd4 Bd7 71.d6 g4 72.Ba2 b5 73.Bb1 Kb3 74.Kd3 
Bf5+ 75.Kd2 Bd7 76.Kd3 b4 77.Kd4 Be8 78.Kd3 Bg6+ 79.Kd2 Bxb1 80.d7 Be4 81.
d8=Q b1=Q 82.Qg8+ Ka3 0-1

[Event "20th EUR-ch"]
[Site "Skopje MKD"]
[Date "2019.03.28"]
[Round "10"]
[White "Volokytin, Andriy"]
[Black "Kadric, Denis"]
[Result "1-0"]
[WhiteElo "2635"]
[BlackElo "2547"]
[EventDate "2019.03.18"]
[Board "35"]
[PlyCount "77"]

1.e4 d6 2.d4 Nf6 3.Nc3 e5 4.Nf3 Nbd7 5.Bc4 Be7 6.a4 O-O 7.O-O c6 8.Re1 h6 
9.h3 Re8 10.Be3 exd4 11.Bxd4 Nf8 12.a5 Be6 13.Nd2 d5 14.exd5 Nxd5 15.Nxd5 
Bxd5 16.Qg4 Ng6 17.Bd3 Bf8 18.a6 b5 19.Bxg6 fxg6 20.Qxg6 Rxe1+ 21.Rxe1 Bf7
22.Qg4 Qa5 23.c3 c5 24.Ne4 cxd4 25.Nf6+ Kh8 26.Qe4 gxf6 27.Qxa8 Kg7 28.
Qxa7 dxc3 29.bxc3 Qxc3 30.Qe3 b4 31.a7 Bd5 32.Rd1 Qxe3 33.fxe3 Be4 34.Rd4 
b3 35.Rxe4 b2 36.Rg4+ Kf7 37.a8=Q b1=Q+ 38.Kh2 Bd6+ 39.g3 1-0

[Event "20th EUR-ch"]
[Site "Skopje MKD"]
[Date "2019.03.28"]
[Round "10"]
[White "Salgado Lopez, Ivan"]
[Black "Grigoriants, Sergey"]
[Result "1/2-1/2"]
[WhiteElo "2622"]
[BlackElo "2543"]
[EventDate "2019.03.18"]
[Board "37"]
[PlyCount "132"]

1.Nf3 c5 2.b3 Nf6 3.Bb2 b6 4.c4 Bb7 5.g3 e6 6.Bg2 Be7 7.O-O O-O 8.d4 cxd4 
9.Qxd4 d6 10.Nc3 a6 11.Rfe1 Nbd7 12.e4 Qc7 13.Qd2 Rfe8 14.Nd4 Bf8 15.h3 
Rac8 16.Rad1 Qb8 17.Kh2 Ba8 18.Qd3 g6 19.Qf1 Bg7 20.Ba1 Nc5 21.Rd2 h5 22.
Kg1 Bb7 23.Nc2 Red8 24.Qe2 h4 25.g4 e5 26.Qe3 b5 27.Nd5 Bxd5 28.cxd5 b4 
29.Bf3 a5 30.g5 Nh7 31.Bg4 Rc7 32.Kh1 Re8 33.Rg1 Qd8 34.Bd1 Bf8 35.Ne1 Qd7
36.Kh2 Be7 37.f4 Bf8 38.fxe5 dxe5 39.Nf3 Nb7 40.Rg4 Bc5 41.Qe1 Qd6 42.Bb2 
Qb6 43.Re2 Bd6 44.Qxh4 Nc5 45.Bc2 Qa6 46.Rgg2 a4 47.bxa4 Nxa4 48.Bxa4 Qxa4
49.Qg3 Nf8 50.h4 b3 51.axb3 Qxb3 52.Rgf2 Qd3 53.Ne1 Qxg3+ 54.Kxg3 Nd7 55.
Rc2 Nc5 56.Rc4 Rb8 57.Re2 Rb3+ 58.Nf3 Nd3 59.Rxc7 Bxc7 60.Rc2 Ba5 61.Rc8+ 
Kg7 62.Ba1 Ra3 63.d6 Rxa1 64.d7 Bb6 65.d8=Q Bxd8 66.Rxd8 Ra3 1/2-1/2

[Event "20th EUR-ch"]
[Site "Skopje MKD"]
[Date "2019.03.28"]
[Round "10"]
[White "Arutinian, David"]
[Black "Postny, Evgeny"]
[Result "0-1"]
[WhiteElo "2555"]
[BlackElo "2619"]
[EventDate "2019.03.18"]
[Board "38"]
[PlyCount "118"]

1.Nf3 d5 2.e3 Nf6 3.c4 e6 4.d4 Be7 5.b3 O-O 6.Bd3 c5 7.O-O cxd4 8.exd4 Nc6
9.Bb2 b6 10.Nbd2 Bb7 11.Qe2 Re8 12.Rad1 Bf8 13.a3 Rc8 14.Rfe1 g6 15.Nf1 
Na5 16.N1d2 Nc6 17.Nf1 Nh5 18.Qe3 Na5 19.N1d2 Nxb3 20.Nxb3 dxc4 21.Bxc4 
Rxc4 22.d5 Bxd5 23.Nbd4 Bg7 24.Ne5 Rc5 25.Ng4 Qh4 26.h3 Nf6 27.Ne5 Qe4 28.
Qxe4 Nxe4 29.Nd3 Nc3 30.Rc1 Rc4 31.Bxc3 Bxd4 32.Bxd4 Rxd4 33.Nb4 a5 34.
Nxd5 Rxd5 35.Rc7 Red8 36.Rb7 Rd1 37.Kf1 Rxe1+ 38.Kxe1 Rd3 39.Rxb6 Rxa3 40.
Rb7 Ra2 41.h4 Kg7 42.g3 h6 43.Ra7 g5 44.hxg5 hxg5 45.Kf1 g4 46.Rc7 Kg6 47.
Rc4 f5 48.Rc5 Kf6 49.Rb5 a4 50.Ra5 a3 51.Kg2 Ra1 52.Kh2 a2 53.Kg2 e5 54.
Ra4 Ke7 55.Ra5 Kd6 56.Ra4 f4 57.gxf4 exf4 58.Ra3 f3+ 59.Kh2 g3+ 0-1

[Event "20th EUR-ch"]
[Site "Skopje MKD"]
[Date "2019.03.28"]
[Round "10"]
[White "Repka, Christopher"]
[Black "Vocaturo, Daniele"]
[Result "1/2-1/2"]
[WhiteElo "2466"]
[BlackElo "2616"]
[EventDate "2019.03.18"]
[Board "39"]
[PlyCount "104"]

1.d4 Nf6 2.c4 g6 3.Nf3 Bg7 4.g3 d5 5.cxd5 Nxd5 6.Bg2 Nb6 7.O-O Nc6 8.e3 
O-O 9.Nc3 Re8 10.Re1 a5 11.Qe2 e5 12.dxe5 Nxe5 13.Nxe5 Bxe5 14.f4 Bxc3 15.
bxc3 Bf5 16.c4 Bd3 17.Qd2 Be4 18.c5 Na4 19.Bxe4 Rxe4 20.Qc2 Qe7 21.Rb1 
Nxc5 22.Ba3 b6 23.Qc3 Re8 24.Bxc5 bxc5 25.Rb5 a4 26.Rxc5 Rxe3 27.Rxe3 
Qxe3+ 28.Qxe3 Rxe3 29.Rxc7 Re2 30.a3 Re3 31.Ra7 Rxa3 32.Kg2 h5 33.h4 Kg7 
34.Ra5 Ra1 35.f5 a3 36.fxg6 fxg6 37.Ra6 Kf7 38.Kh2 Ra2+ 39.Kh3 Kg7 40.Ra7+
Kf6 41.Ra6+ Kf5 42.Ra5+ Ke4 43.Ra6 Ke3 44.Rxg6 Rc2 45.Ra6 Rc3 46.Ra5 Kf2 
47.Rxh5 Rxg3+ 48.Kh2 Rg2+ 49.Kh3 Rg3+ 50.Kh2 Rg4 51.Rf5+ Ke3 52.Ra5 Rxh4+ 
1/2-1/2

[Event "20th EUR-ch"]
[Site "Skopje MKD"]
[Date "2019.03.28"]
[Round "10"]
[White "Ivic, Velimir"]
[Black "Predke, Alexander"]
[Result "0-1"]
[WhiteElo "2487"]
[BlackElo "2611"]
[EventDate "2019.03.18"]
[Board "40"]
[PlyCount "64"]

1.e4 c6 2.d4 d5 3.Nd2 dxe4 4.Nxe4 Bf5 5.Ng3 Bg6 6.h4 h6 7.Nf3 e6 8.Ne5 Bh7
9.Bd3 Bxd3 10.Qxd3 Nd7 11.f4 Bb4+ 12.c3 Be7 13.Bd2 Ngf6 14.O-O-O c5 15.d5 
Nxe5 16.fxe5 Qxd5 17.Qb5+ Nd7 18.Bxh6 a6 19.Qa4 b5 20.Qf4 Qxa2 21.Bxg7 Rg8
22.Nh5 b4 23.Rhf1 O-O-O 24.Qe4 bxc3 25.bxc3 c4 26.Qc6+ Kb8 27.Rxd7 Qa3+ 
28.Kb1 Qb3+ 29.Kc1 Qxc3+ 30.Kb1 Rxd7 31.Qxd7 Qb3+ 32.Kc1 c3 0-1

[Event "20th EUR-ch"]
[Site "Skopje MKD"]
[Date "2019.03.28"]
[Round "10"]
[White "Svane, Rasmus"]
[Black "Zhigalko, Andrei"]
[Result "1/2-1/2"]
[WhiteElo "2610"]
[BlackElo "2541"]
[EventDate "2019.03.18"]
[Board "41"]
[PlyCount "136"]

1.Nf3 c5 2.c4 Nf6 3.Nc3 b6 4.g3 Bb7 5.Bg2 e6 6.O-O Be7 7.d4 cxd4 8.Qxd4 
O-O 9.Rd1 d6 10.Bg5 Nc6 11.Qf4 Qb8 12.Rd2 Ne5 13.Rad1 Ng6 14.Qe3 Rd8 15.h4
Ng4 16.Qd4 Nf6 17.Bxf6 Bxf6 18.Qe3 h6 19.h5 Ne7 20.Ne4 Bxe4 21.Qxe4 d5 22.
cxd5 Rxd5 23.Nd4 Bxd4 24.Rxd4 Qc7 25.Qd3 Rxd4 26.Qxd4 Rc8 27.Be4 Kf8 28.
Rd3 f6 29.Rc3 Qd8 30.Rxc8 Qxc8 31.Qd6 Kf7 32.Bd3 Qc1+ 33.Kh2 Qg5 34.Qd7 
Qxh5+ 35.Kg1 Qc5 36.Bb5 g5 37.b3 a5 38.a4 Qc8 39.Qd6 Qc1+ 40.Kg2 Qc5 41.
Qb8 Kg7 42.Bc4 Qc6+ 43.Kg1 Nd5 44.e4 Ne7 45.e5 Nd5 46.exf6+ Nxf6 47.Bb5 
Qc5 48.Qb7+ Kf8 49.Bd3 Qd6 50.Bc4 h5 51.Qf3 Kf7 52.Qe3 g4 53.Kg2 Nd7 54.
Bb5 Nf6 55.Bc4 Nd7 56.Qh6 Nf6 57.Qg5 Qc5 58.Qf4 Ke7 59.Qb8 Nd7 60.Qg8 Qf5 
61.Bb5 Ne5 62.Qe8+ Kd6 63.Qd8+ Kc5 64.Qc7+ Kb4 65.Qxb6 Qe4+ 66.Kf1 Kc3 67.
Qxa5+ Kc2 68.Qe1 Qh1+ 1/2-1/2

[Event "20th EUR-ch"]
[Site "Skopje MKD"]
[Date "2019.03.28"]
[Round "10"]
[White "Zhigalko, Sergei"]
[Black "Zanan, Evgeny"]
[Result "1-0"]
[WhiteElo "2604"]
[BlackElo "2514"]
[EventDate "2019.03.18"]
[Board "42"]
[PlyCount "91"]

1.e4 c5 2.Nf3 d6 3.Bb5+ Nd7 4.O-O a6 5.Bd3 Ngf6 6.a4 b6 7.c3 Bb7 8.Qe2 e6 
9.Bc2 Be7 10.d4 O-O 11.Re1 Qc7 12.Na3 Rfe8 13.h3 Bf8 14.Bg5 h6 15.Bh4 Nh5 
16.Rad1 Rac8 17.Bb1 Bc6 18.Qxa6 Ra8 19.Qd3 Bxa4 20.Rc1 g6 21.Qd2 e5 22.Bd3
Qb7 23.Nc4 Nf4 24.Bf1 b5 25.Na3 c4 26.Nc2 g5 27.Bg3 Nf6 28.d5 Bxc2 29.Qxc2
Ra2 30.h4 g4 31.Bxf4 exf4 32.Nd4 Re5 33.Qd2 Nh5 34.Be2 Qd7 35.Nf5 Rxf5 36.
Bxg4 Rxd5 37.Qe2 f5 38.Bxh5 Re5 39.Bg6 fxe4 40.Bxe4 Bg7 41.Rcd1 Qe7 42.Rd5
Kf8 43.Rxe5 Qxe5 44.Qd2 Qe6 45.Bb1 Rxb2 46.Qxf4+ 1-0

[Event "20th EUR-ch"]
[Site "Skopje MKD"]
[Date "2019.03.28"]
[Round "10"]
[White "Georgiev, Kiril"]
[Black "Keymer, Vincent"]
[Result "1-0"]
[WhiteElo "2595"]
[BlackElo "2509"]
[EventDate "2019.03.18"]
[Board "43"]
[PlyCount "97"]

1.c4 e6 2.Nc3 d5 3.d4 Nf6 4.Bg5 Be7 5.e3 h6 6.Bh4 O-O 7.Nf3 Nbd7 8.cxd5 
Nxd5 9.Bxe7 Qxe7 10.Rc1 Nxc3 11.Rxc3 c5 12.Bb5 cxd4 13.Qxd4 Nf6 14.O-O Rd8
15.Qc5 Qxc5 16.Rxc5 Bd7 17.Bxd7 Rxd7 18.Rfc1 Rad8 19.Kf1 Ne8 20.Ke2 f6 21.
R1c2 Kf7 22.g4 Nd6 23.Nd2 Ke7 24.h3 g5 25.Ra5 Rc8 26.Rxc8 Nxc8 27.Rc5 Nd6 
28.f4 Kd8 29.Nf3 Ne4 30.Rc4 Nd6 31.Ra4 a6 32.e4 gxf4 33.e5 fxe5 34.Nxe5 
Rc7 35.Rxf4 Rc2+ 36.Kf3 Rxb2 37.Rd4 Rb6 38.Nc4 Rb4 39.Rxd6+ Kc7 40.Rxe6 
Rxc4 41.Rxh6 Ra4 42.g5 Kd7 43.Rb6 Rxa2 44.Rxb7+ Ke8 45.Kg4 a5 46.Ra7 a4 
47.Kh5 a3 48.g6 Ra1 49.Ra8+ 1-0

[Event "20th EUR-ch"]
[Site "Skopje MKD"]
[Date "2019.03.28"]
[Round "10"]
[White "Arizmendi Martinez, Julen Luis"]
[Black "Antipov, Mikhail"]
[Result "0-1"]
[WhiteElo "2506"]
[BlackElo "2594"]
[EventDate "2019.03.18"]
[Board "44"]
[PlyCount "52"]

1.d4 e6 2.e4 d5 3.Nd2 c5 4.exd5 Qxd5 5.Ngf3 cxd4 6.Bc4 Qd7 7.O-O Nc6 8.Nb3
Nf6 9.Qe2 a6 10.a4 Bd6 11.Rd1 Qe7 12.Nbxd4 Nxd4 13.Rxd4 e5 14.Rxd6 Qxd6 
15.b3 e4 16.Ba3 Qf4 17.Rd1 Be6 18.Bxe6 fxe6 19.Qc4 Kf7 20.h4 Rhd8 21.Re1 
h6 22.Nd4 Rd5 23.Qb4 Re8 24.Qxb7+ Rd7 25.Qb4 a5 26.Qc3 Ng4 0-1

[Event "20th EUR-ch"]
[Site "Skopje MKD"]
[Date "2019.03.28"]
[Round "10"]
[White "Azarov, Sergei"]
[Black "Baron, Tal"]
[Result "1/2-1/2"]
[WhiteElo "2585"]
[BlackElo "2506"]
[EventDate "2019.03.18"]
[Board "45"]
[PlyCount "111"]

1.e4 g6 2.d4 Bg7 3.Nf3 d6 4.Bc4 Nf6 5.Qe2 Nc6 6.O-O Bg4 7.Rd1 e5 8.c3 O-O 
9.h3 Bxf3 10.Qxf3 exd4 11.cxd4 Nd7 12.Be3 Nb6 13.Bb3 Na5 14.Nd2 Nxb3 15.
Nxb3 Qe7 16.Bf4 a5 17.Qd3 d5 18.e5 Nc4 19.Bc1 f6 20.Nd2 Nxd2 21.Bxd2 fxe5 
22.dxe5 Qxe5 23.Bc3 Qf5 24.Qxd5+ Qxd5 25.Rxd5 Bxc3 26.bxc3 c6 27.Rg5 Rf4 
28.Rb1 b5 29.Rc5 Rf6 30.a4 bxa4 31.Ra1 Rb8 32.Rxa5 Rb2 33.Ra8+ Kf7 34.Ra7+
Ke6 35.f3 h5 36.R1xa4 Rc2 37.Re4+ Kd6 38.Rd4+ Kc5 39.Ra5+ Kb6 40.Ra3 Re6 
41.Rb4+ Kc7 42.Ra7+ Kd6 43.Rd4+ Kc5 44.Ra5+ Kb6 45.Rg5 Rxc3 46.Rb4+ Kc7 
47.Kh2 Kd6 48.Rd4+ Ke7 49.f4 Rb3 50.Rc4 Rb2 51.h4 Rbe2 52.Rgc5 Kd7 53.Rd4+
Ke7 54.Ra4 R2e4 55.Rxe4 Rxe4 56.Rxc6 1/2-1/2

[Event "20th EUR-ch"]
[Site "Skopje MKD"]
[Date "2019.03.28"]
[Round "10"]
[White "Shubin, Kirill"]
[Black "Santos Latasa, Jaime"]
[Result "1/2-1/2"]
[WhiteElo "2370"]
[BlackElo "2582"]
[EventDate "2019.03.18"]
[Board "46"]
[PlyCount "69"]

1.e4 c5 2.Nf3 d6 3.Bb5+ Nc6 4.d4 cxd4 5.Qxd4 a6 6.Bxc6+ bxc6 7.c4 e5 8.Qd3
Ne7 9.c5 Ng6 10.cxd6 Qxd6 11.Qxd6 Bxd6 12.O-O Bg4 13.Nbd2 f6 14.Rd1 O-O-O 
15.h3 Be6 16.Nb3 Bxb3 17.axb3 Bc5 18.Bd2 Kb7 19.Ba5 Bb6 20.Bxb6 Kxb6 21.
Nd2 Nf4 22.Nc4+ Kb7 23.Re1 Ne6 24.Ra4 Nc5 25.Ra3 Rd4 26.Rc1 Rhd8 27.Kh2 
Rd1 28.Rc2 Nxe4 29.Na5+ Kb6 30.Nc4+ Ka7 31.Ne3 R1d6 32.Nf5 Re6 33.Nxg7 
Red6 34.Nf5 Re6 35.Ng7 1/2-1/2

[Event "20th EUR-ch"]
[Site "Skopje MKD"]
[Date "2019.03.28"]
[Round "10"]
[White "Rozum, Ivan"]
[Black "Grinberg, Eyal"]
[Result "1/2-1/2"]
[WhiteElo "2573"]
[BlackElo "2467"]
[EventDate "2019.03.18"]
[Board "47"]
[PlyCount "120"]

1.Nf3 d5 2.g3 Nf6 3.Bg2 c6 4.c4 g6 5.b3 Bg7 6.Bb2 O-O 7.O-O Re8 8.d4 Ne4 
9.e3 Be6 10.Qe2 Nd7 11.Ne1 Ndf6 12.Nd3 Bf5 13.f3 Nd6 14.Nf2 Bxb1 15.Raxb1 
Nd7 16.Rfd1 a5 17.e4 e6 18.a4 Qc7 19.cxd5 cxd5 20.e5 Nf5 21.Bf1 Ne7 22.Qd2
Nc6 23.Ng4 Qb6 24.Kh1 f5 25.exf6 Nxf6 26.Ne5 Rec8 27.Bh3 Re8 28.Re1 Bf8 
29.Qf4 Nxe5 30.Qxe5 Bg7 31.Qe3 Bf8 32.Rbc1 Bb4 33.Bc3 Ba3 34.Ra1 Bb4 35.
Bxb4 Qxb4 36.Rac1 Re7 37.Rc5 Kf7 38.Rec1 Rae8 39.Rb5 Qd6 40.Rxa5 e5 41.
dxe5 Rxe5 42.Qg1 Re3 43.Rb5 d4 44.Rxb7+ Kg8 45.Rbc7 d3 46.Rc8 Rxc8 47.
Rxc8+ Re8 48.Rxe8+ Nxe8 49.Qd1 d2 50.Bf1 Qd4 51.Be2 Nf6 52.Bc4+ Kg7 53.Kg2
g5 54.g4 Nd7 55.a5 Ne5 56.a6 Ng6 57.a7 Nf4+ 58.Kf1 Nh3 59.Kg2 Nf4+ 60.Kf1 
Nh3 1/2-1/2

[Event "20th EUR-ch"]
[Site "Skopje MKD"]
[Date "2019.03.28"]
[Round "10"]
[White "Moroni, Luca jr"]
[Black "Zwardon, Vojtech"]
[Result "1/2-1/2"]
[WhiteElo "2564"]
[BlackElo "2452"]
[EventDate "2019.03.18"]
[Board "48"]
[PlyCount "86"]

1.d4 Nf6 2.c4 e6 3.Nc3 Bb4 4.Nf3 O-O 5.e3 d5 6.Bd3 c5 7.O-O Nc6 8.a3 Ba5 
9.cxd5 exd5 10.dxc5 Bxc3 11.bxc3 Qa5 12.c4 dxc4 13.Bxc4 Qxc5 14.Ba2 Bg4 
15.Bb2 Rad8 16.Qe2 Ne4 17.Rfd1 Nc3 18.Bxc3 Qxc3 19.h3 Rxd1+ 20.Rxd1 Bxf3 
21.Qxf3 Qxa3 22.Bd5 Qc3 23.Qf5 a5 24.Qd7 Nb4 25.Qxb7 a4 26.Rb1 Nxd5 27.
Qxd5 a3 28.Qa2 Qc5 29.Rb7 g6 30.Kh2 Kg7 31.Kg1 h5 32.Qb3 Qa5 33.Qa2 Qa6 
34.Rd7 Kg8 35.Rc7 h4 36.Rd7 Kg7 37.Qa1+ Kg8 38.Qa2 Qa5 39.Rb7 Kg7 40.Rd7 
Kg8 41.Rb7 Qa4 42.Kh1 Kg7 43.Kg1 Kg8 1/2-1/2

[Event "20th EUR-ch"]
[Site "Skopje MKD"]
[Date "2019.03.28"]
[Round "10"]
[White "Zajic, Milan"]
[Black "Eljanov, Pavel"]
[Result "1/2-1/2"]
[WhiteElo "2485"]
[BlackElo "2682"]
[EventDate "2019.03.18"]
[Board "51"]
[PlyCount "199"]

1.d4 Nf6 2.Nf3 e6 3.Bf4 d5 4.e3 Bd6 5.Bg3 O-O 6.Nbd2 b6 7.Bd3 Bb7 8.c3 Ne4
9.Bxd6 cxd6 10.O-O Nd7 11.c4 Nxd2 12.Nxd2 dxc4 13.Bxc4 Qg5 14.Nf3 Qg6 15.
Rc1 Rfc8 16.Qe2 a6 17.Nh4 Qf6 18.Nf3 b5 19.Bd3 Bxf3 20.gxf3 Nf8 21.Kh1 g5 
22.Kg2 Kg7 23.Rc2 Ng6 24.Bxg6 hxg6 25.h3 Qf5 26.e4 Qf6 27.Rd1 Rh8 28.Qe3 
e5 29.d5 Rh4 30.Rc7 Rah8 31.Rh1 Rf4 32.a3 Qd8 33.Qb6 Rf6 34.Rc6 Qxb6 35.
Rxb6 Rc8 36.Rc6 Rxc6 37.dxc6 Re6 38.c7 Re8 39.Rc1 Rc8 40.Rc6 a5 41.Rxd6 
Rxc7 42.Rd5 Kf6 43.Rxb5 a4 44.Rb4 Rc2 45.Rxa4 Rxb2 46.Ra8 Rb1 47.a4 Ra1 
48.a5 Kg7 49.a6 Kf6 50.Kg3 Rg1+ 51.Kh2 Ra1 52.a7 Ke7 53.h4 Kf6 54.Rb8 Rxa7
55.Rb6+ Ke7 56.hxg5 Ra1 57.Kg2 Ra4 58.Kg3 Rc4 59.Rb3 Ra4 60.Re3 Ra2 61.Rb3
Ra4 62.Rb2 Ke6 63.Kg4 Rc4 64.Re2 Ra4 65.f4 Rb4 66.fxe5 Kxe5 67.f4+ Ke6 68.
Re1 Ra4 69.Kf3 Ra3+ 70.Re3 Ra1 71.Kf2 Ra2+ 72.Re2 Ra4 73.Kf3 Ra3+ 74.Re3 
Ra1 75.Rb3 Rf1+ 76.Ke3 Re1+ 77.Kd3 Rf1 78.Rb6+ Ke7 79.Ke3 Ra1 80.Rb5 Ra4 
81.Rb7+ Ke6 82.Rc7 Ra6 83.Rc5 Kd6 84.Kd4 Ra4+ 85.Rc4 Ra1 86.Rb4 Rd1+ 87.
Ke3 Re1+ 88.Kd3 Rf1 89.Rb6+ Ke7 90.Rf6 Ra1 91.Rb6 Ra3+ 92.Kd4 Rf3 93.Rf6 
Ra3 94.e5 Ra1 95.e6 fxe6 96.Kd3 Ra3+ 97.Ke4 Ra4+ 98.Kf3 e5 99.fxe5 Ra5 
100.Rxg6 1/2-1/2

[Event "20th EUR-ch"]
[Site "Skopje MKD"]
[Date "2019.03.28"]
[Round "10"]
[White "Melkumian, Hrant"]
[Black "Lodici, Lorenzo"]
[Result "1-0"]
[WhiteElo "2661"]
[BlackElo "2474"]
[EventDate "2019.03.18"]
[Board "52"]
[PlyCount "227"]

1.c4 e6 2.g3 d5 3.Bg2 Nf6 4.Nf3 Be7 5.O-O O-O 6.b3 c5 7.Bb2 Nc6 8.e3 d4 9.
exd4 cxd4 10.Re1 Ng4 11.d3 f6 12.Bc1 e5 13.h3 Nh6 14.Bxh6 gxh6 15.a3 a5 
16.Nbd2 Kh8 17.Nh4 Rg8 18.Bd5 Bxh3 19.Bxg8 Qxg8 20.Qh5 Qg5 21.Qxg5 hxg5 
22.Ng2 Kg7 23.f4 h6 24.Ne4 Kg6 25.Nf2 Bd7 26.fxg5 hxg5 27.Re2 Nd8 28.Rea2 
Bc6 29.b4 Ne6 30.b5 Bf3 31.Re1 Nc5 32.Rf1 Na4 33.Ne1 Nc3 34.Nxf3 Nxa2 35.
g4 Nc3 36.Ra1 a4 37.Nd2 f5 38.gxf5+ Kxf5 39.Nde4 Nxe4 40.Nxe4 Kf4 41.Kf2 
b6 42.Ke2 Kf5 43.Rf1+ Kg6 44.c5 Bxc5 45.Rf6+ Kg7 46.Rc6 Bxa3 47.Rxb6 Be7 
48.Ra6 Rb8 49.Rxa4 Rxb5 50.Ra7 Kf8 51.Kf3 Rb3 52.Nf2 Kf7 53.Ra6 Ke8 54.Ke4
Kd7 55.Ng4 Ra3 56.Nxe5+ Kc7 57.Re6 Bb4 58.Rg6 Ra1 59.Rxg5 Bc3 60.Rg6 Kb7 
61.Nc4 Rh1 62.Kd5 Rh7 63.Ne5 Re7 64.Re6 Rg7 65.Kc5 Rc7+ 66.Kb5 Rh7 67.Ng4 
Rh5+ 68.Kc4 Kc7 69.Nf6 Rf5 70.Nd5+ Kd7 71.Ra6 Rf8 72.Nf6+ Ke7 73.Ne4 Rf5 
74.Rh6 Re5 75.Rh7+ Ke6 76.Rb7 Rh5 77.Rb6+ Ke7 78.Nf6 Rh8 79.Ra6 Rf8 80.
Nd5+ Kd7 81.Rh6 Rc8+ 82.Kb5 Rf8 83.Nb6+ Ke7 84.Kc5 Rf3 85.Rh7+ Ke6 86.Nd5 
Rf7 87.Rh2 Rf5 88.Rh6+ Ke5 89.Rh8 Rf7 90.Re8+ Kf5 91.Kc4 Ra7 92.Ne7+ Kf6 
93.Nc6 Rd7 94.Rh8 Kf5 95.Kc5 Kf4 96.Re8 Kf5 97.Re4 Kf6 98.Nxd4 Bxd4+ 99.
Rxd4 Ra7 100.Re4 Kf5 101.Re8 Ra5+ 102.Kb4 Ra1 103.d4 Kf6 104.d5 Kf7 105.
Re2 Rc1 106.Kb5 Rc3 107.d6 Rc1 108.d7 Rd1 109.Kc6 Rc1+ 110.Kd6 Rd1+ 111.
Kc7 Rc1+ 112.Kd8 Ra1 113.Rf2+ Kg7 114.Rf4 1-0

[Event "20th EUR-ch"]
[Site "Skopje MKD"]
[Date "2019.03.28"]
[Round "10"]
[White "Pashikian, Arman"]
[Black "Schreiner, Peter"]
[Result "1/2-1/2"]
[WhiteElo "2616"]
[BlackElo "2471"]
[EventDate "2019.03.18"]
[Board "54"]
[PlyCount "98"]

1.Nf3 c5 2.c4 Nc6 3.d4 cxd4 4.Nxd4 Qb6 5.Nb3 Nf6 6.Nc3 e6 7.a3 d5 8.Be3 
Qd8 9.cxd5 Nxd5 10.Nxd5 Qxd5 11.Qxd5 exd5 12.Rd1 Be7 13.g3 Bf6 14.Nd4 Be6 
15.Bg2 O-O 16.O-O Rfc8 17.Nb5 Ne7 18.Bd4 Rc2 19.e4 Bxd4 20.Nxd4 Rxb2 21.
Nxe6 fxe6 22.exd5 Nxd5 23.Rfe1 Nf6 24.Rxe6 Kf7 25.Re3 Re8 26.Rf3 Rc2 27.
Bf1 Rc7 28.Kg2 Re5 29.Rd8 Re8 30.Rd4 Re5 31.Rb3 Rec5 32.Ra4 a6 33.Rab4 b5 
34.a4 bxa4 35.Rxa4 a5 36.Rba3 Ra7 37.Bc4+ Ke7 38.Rb3 Kf8 39.h4 g5 40.Rb6 
Kg7 41.Re6 Nd5 42.Re5 Nb6 43.Rxc5 Nxa4 44.Rc6 Nb2 45.Ba2 Nd3 46.Rc4 Ne5 
47.Re4 Nd3 48.Rc4 Ne5 49.Re4 Nd3 1/2-1/2

[Event "20th EUR-ch"]
[Site "Skopje MKD"]
[Date "2019.03.28"]
[Round "10"]
[White "Radovanovic, Mihajlo"]
[Black "Goganov, Aleksey"]
[Result "1/2-1/2"]
[WhiteElo "2483"]
[BlackElo "2610"]
[EventDate "2019.03.18"]
[Board "55"]
[PlyCount "80"]

1.d4 Nf6 2.c4 e6 3.Nf3 d5 4.g3 Bb4+ 5.Nc3 O-O 6.Bg2 dxc4 7.O-O Nc6 8.Qa4 
Nd5 9.Qc2 Be7 10.Rd1 Bd7 11.e4 Nb6 12.Qe2 a5 13.Be3 Re8 14.d5 exd5 15.Nxd5
Nxd5 16.exd5 Na7 17.Ne5 Bd6 18.Nxc4 Bb5 19.Qc2 Bxc4 20.Qxc4 Nc8 21.Qb5 Nb6
22.Bh3 Rxe3 23.fxe3 Qg5 24.Rd3 h5 25.e4 h4 26.Kg2 hxg3 27.hxg3 Qe5 28.Re1 
g6 29.Re2 a4 30.a3 Kg7 31.Rf3 Rh8 32.Re1 Qh5 33.Rh1 Qe5 34.Re1 Qh5 35.Rh1 
Qe5 36.Re3 Qg5 37.Kf2 Qf6+ 38.Kg2 Qg5 39.Kf2 Qf6+ 40.Kg2 Qg5 1/2-1/2

[Event "20th EUR-ch"]
[Site "Skopje MKD"]
[Date "2019.03.28"]
[Round "10"]
[White "Gordievsky, Dmitry"]
[Black "Del Rio Angelis, Salvador Gabriel"]
[Result "1-0"]
[WhiteElo "2603"]
[BlackElo "2464"]
[EventDate "2019.03.18"]
[Board "56"]
[PlyCount "97"]

1.Nf3 e6 2.g3 f5 3.Bg2 Nf6 4.O-O d5 5.b3 Bd6 6.Bb2 O-O 7.c4 c6 8.d3 Qe7 9.
Nc3 Na6 10.d4 Bd7 11.e3 Be8 12.Ne5 Bh5 13.f3 Rad8 14.Qc1 Rc8 15.Qd2 Rfd8 
16.g4 fxg4 17.f4 c5 18.Qf2 Nb4 19.a3 cxd4 20.exd4 Nc6 21.c5 Bb8 22.Rae1 
Rf8 23.Qd2 Nxe5 24.fxe5 Nd7 25.b4 b6 26.c6 Rxf1+ 27.Rxf1 Nf8 28.b5 Ng6 29.
Bc1 Nh4 30.Qg5 Qxg5 31.Bxg5 Nf3+ 32.Bxf3 gxf3 33.Kf2 Kf7 34.a4 Bc7 35.Kg3 
Rf8 36.Ne2 h6 37.Bc1 g5 38.Ba3 Ke8 39.h3 Rf5 40.Ng1 Rxe5 41.dxe5 Bxe5+ 42.
Kf2 Bd4+ 43.Ke1 f2+ 44.Rxf2 Bxf2+ 45.Kxf2 Bd1 46.Nf3 Bxa4 47.Nd4 e5 48.Nf5
h5 49.Ne7 1-0

[Event "20th EUR-ch"]
[Site "Skopje MKD"]
[Date "2019.03.28"]
[Round "10"]
[White "Tutisani, Noe"]
[Black "Solak, Dragan"]
[Result "0-1"]
[WhiteElo "2467"]
[BlackElo "2601"]
[EventDate "2019.03.18"]
[Board "57"]
[PlyCount "90"]

1.e4 c5 2.Nf3 e6 3.d4 cxd4 4.Nxd4 a6 5.Nc3 Nc6 6.Be3 Qc7 7.Nb3 Nf6 8.f4 
Bb4 9.Bd3 Bxc3+ 10.bxc3 e5 11.O-O d6 12.h3 exf4 13.Rxf4 Ne5 14.Bd4 Be6 15.
Rb1 O-O 16.Rxf6 gxf6 17.Qh5 Kh8 18.Qh6 Qd8 19.Bf2 Rg8 20.Nd4 Rg6 21.Qh5 
Qd7 22.Kh1 Bxa2 23.Rf1 Be6 24.Bh4 Kg7 25.Nf5+ Bxf5 26.exf5 Rh6 27.Bxf6+ 
Rxf6 28.Qg5+ Ng6 29.h4 h6 30.Qg3 h5 31.Rf3 Rf8 32.Qg5 Qa4 33.Rg3 Qa1+ 34.
Kh2 Qa5 35.Re3 Qc5 36.c4 b5 37.cxb5 axb5 38.Re7 d5 39.Rb7 Qc6 40.Rxb5 d4 
41.Rb1 Re8 42.Rf1 Qd6+ 43.g3 Re3 44.Ra1 Qe5 45.Rg1 Rxd3 0-1